[Event "European School-ch 2019"]
[Site "Mamaia"]
[Date "2019.06.04"]
[Round "5.37"]
[White "Simsek, Suat Can"]
[Black "Damodaran, Patrick"]
[Result "1-0"]
[WhiteElo "1761"]
[BlackElo "1157"]
[Annotator "NA RC"]
[PlyCount "199"]
[EventDate "2019.05.31"]
[EventType "swiss"]
[EventCountry "ROU"]
[SourceTitle "playchess.com"]
[Source "ChessBase"]
[SourceQuality "1"]
[TimeControl "40/5400+30:1800+30"]

1. e4 {[%emt 0:00:00]} c5 {[%emt 0:01:39]} 2. d4 {[%emt 0:01:12]} cxd4 {[%emt 0:02:27]} 3. c3 {[%emt 0:03:10]} d3 {[%emt 0:01:52]} 4. c4 {[%emt 0:06:26]} Nc6 {[%emt 0:03:22]} 5. Bxd3 {[%emt 0:16:53]} Nf6 {[%emt 0:02:08]} 6. Nc3 {[%emt 0:02:53]} g6 {[%emt 0:01:04]} 7. Nf3 {[%emt 0:10:05]} d6 {[%emt 0:02:10]} 8. Bd2 {[%emt 0:01:13]} Bg7 {[%emt 0:02:53]} 9. Qc2 {[%emt 0:04:07]} O-O {[%emt 0:02:14]} 10. O-O {[%emt 0:00:49]} Bg4 {[%emt 0:02:25]} 11. Kh1 {[%emt 0:05:11]} Nb4 {[%emt 0:02:45]} 12. Qb1 {[%emt 0:01:17]} Rc8 {[%emt 0:05:03]} 13. Be2 {[%emt 0:00:57]} Bxf3 {[%emt 0:03:55]} 14. gxf3 {[%emt 0:02:44]} Nd7 {[%emt 0:01:46]} 15. a3 {[%emt 0:07:07]} Na6 {[%emt 0:00:35]} 16. b4 {[%emt 0:00:50]} Ne5 {[%emt 0:01:05]} 17. Qb3 {[%emt 0:02:15]} Qd7 {[%emt 0:01:46]} 18. Rg1 {[%emt 0:01:28]} Qe6 {[%emt 0:01:27]} 19. Rac1 {[%emt 0:06:42]} Nxc4 {[%emt 0:00:41]} 20. Bxc4 {[%emt 0:00:51]} Rxc4 {[%emt 0:01:16]} 21. Nd5 {[%emt 0:00:51]} Rxc1 {[%emt 0:01:01]} 22. Rxc1 {[%emt 0:00:22]} Re8 {[%emt 0:01:13]} 23. Qe3 {[%emt 0:03:02]} Qh3 {[%emt 0:02:31]} 24. Nf4 {[%emt 0:02:26]} Qd7 {[%emt 0:01:05]} 25. Qxa7 {[%emt 0:05:08]} Bb2 {[%emt 0:01:00]} 26. Rb1 {[%emt 0:03:37]} Bxa3 {[%emt 0:04:13]} 27. Qe3 {[%emt 0:00:54]} Bxb4 {[%emt 0:02:44]} 28. Bxb4 {[%emt 0:00:20]} Qb5 {[%emt 0:00:47]} 29. Qb3 {[%emt 0:00:45]} Qb6 {[%emt 0:02:42]} 30. Nd3 {[%emt 0:00:48]} Qd4 {[%emt 0:01:20]} 31. Qc3 {[%emt 0:01:20]} Qxc3 {[%emt 0:02:19]} 32. Bxc3 {[%emt 0:00:28]} Rc8 {[%emt 0:00:26]} 33. Be1 {[%emt 0:00:35]} Rc7 {[%emt 0:01:03]} 34. Ba5 {[%emt 0:00:11]} Rd7 {[%emt 0:00:48]} 35. Nb4 {[%emt 0:00:07]} Nc5 {[%emt 0:00:52]} 36. Nd5 {[%emt 0:00:13]} Kg7 {[%emt 0:01:20]} 37. Nb6 {[%emt 0:00:49]} Rc7 {[%emt 0:00:23]} 38. Na4 {[%emt 0:00:30]} Rd7 {[%emt 0:00:40]} 39. Nxc5 dxc5 {[%emt 0:00:35]} 40. Kg2 {[%emt 0:00:00]} c4 {[%emt 0:00:00]} 41. Rc1 {[%emt 0:00:30]} c3 {[%emt 0:01:54]} 42. Bxc3+ {[%emt 0:01:24]} f6 {[%emt 0:00:14]} 43. Ba5 {[%emt 0:00:41]} b5 {[%emt 0:00:20]} 44. Rc7 {[%emt 0:00:11]} Rxc7 {[%emt 0:00:57]} 45. Bxc7 {[%emt 0:01:26]} b4 {[%emt 0:00:09]} 46. Ba5 {[%emt 0:00:05]} b3 {[%emt 0:00:07]} 47. Bc3 {[%emt 0:00:04]} Kf7 {[%emt 0:00:31]} 48. Kf1 {[%emt 0:00:07]} Kg7 {[%emt 0:01:07]} 49. Ke2 {[%emt 0:00:10]} Kh6 {[%emt 0:00:00]} 50. Kd1 {[%emt 0:00:30]} Kh5 {[%emt 0:00:00]} 51. Bb4 {[%emt 0:00:08]} e6 {[%emt 0:00:46]} 52. Be7 {[%emt 0:02:17]} f5 {[%emt 0:00:30]} 53. Kc1 {[%emt 0:00:28]} fxe4 {[%emt 0:00:19]} 54. fxe4 {[%emt 0:00:12]} Kg4 {[%emt 0:00:15]} 55. Kb2 {[%emt 0:00:17]} Kf3 {[%emt 0:00:20]} 56. e5 {[%emt 0:00:14]} Kxf2 {[%emt 0:00:32]} 57. Kxb3 {[%emt 0:00:05]} Kf3 {[%emt 0:00:21]} 58. Kc4 {[%emt 0:00:13]} Kf4 {[%emt 0:00:35]} 59. Bf6 {[%emt 0:00:14]} Kf5 {[%emt 0:00:19]} 60. Kc5 {[%emt 0:00:46]} g5 {[%emt 0:00:35]} 61. Kd4 {[%emt 0:00:05]} Kf4 {[%emt 0:00:37]} 62. Kd3 {[%emt 0:00:18]} h5 {[%emt 0:00:28]} 63. Ke2 {[%emt 0:00:30]} h4 {[%emt 0:00:27]} 64. Kf2 {[%emt 0:00:34]} h3 {[%emt 0:00:22]} 65. Kg1 {[%emt 0:00:21]} g4 {[%emt 0:00:31]} 66. Kf2 {[%emt 0:02:26]} Ke4 {[%emt 0:00:46]} 67. Kg3 {[%emt 0:00:25]} Kf5 {[%emt 0:00:12]} 68. Be7 {[%emt 0:03:24]} Kxe5 {[%emt 0:00:12]} 69. Kxg4 {[%emt 0:00:11]} Ke4 {[%emt 0:00:26]} 70. Kxh3 {[%emt 0:00:32]} Kf3 {[%emt 0:00:16]} 71. Bh4 {[%emt 0:00:08]} e5 {[%emt 0:00:13]} 72. Be1 {[%emt 0:00:20]} e4 {[%emt 0:00:31]} 73. Ba5 {[%emt 0:00:15]} e3 {[%emt 0:00:16]} 74. Bb4 {[%emt 0:00:08]} e2 {[%emt 0:00:16]} 75. Ba5 {[%emt 0:00:05]} Kf4 {[%emt 0:00:31]} 76. Kg2 {[%emt 0:00:19]} Kg4 {[%emt 0:00:20]} 77. h3+ {[%emt 0:00:06]} Kh4 {[%emt 0:00:21]} 78. Kh2 {[%emt 0:00:15]} Kh5 {[%emt 0:00:16]} 79. Kg3 {[%emt 0:00:06]} Kg5 {[%emt 0:00:12]} 80. h4+ {[%emt 0:00:06]} Kh5 {[%emt 0:00:07]} 81. Kh3 {[%emt 0:00:10]} Kh6 {[%emt 0:00:31]} 82. Kg4 {[%emt 0:00:08]} Kg6 {[%emt 0:00:17]} 83. h5+ {[%emt 0:00:06]} Kh6 {[%emt 0:00:09]} 84. Kh4 {[%emt 0:00:02]} Kh7 {[%emt 0:00:12]} 85. Kg5 {[%emt 0:00:04]} Kg7 {[%emt 0:00:15]} 86. h6+ {[%emt 0:00:07]} Kh7 {[%emt 0:00:53]} 87. Kh5 {[%emt 0:00:04]} Kg8 {[%emt 0:00:24]} 88. Kg6 {[%emt 0:00:07]} Kh8 {[%emt 0:00:12]} 89. Bc3+ {[%emt 0:00:14]} Kg8 {[%emt 0:00:08]} 90. h7+ {[%emt 0:00:05]} Kf8 {[%emt 0:00:08]} 91. h8=Q+ {[%emt 0:00:08]} Ke7 {[%emt 0:00:11]} 92. Qf6+ {[%emt 0:00:10]} Kd7 {[%emt 0:00:13]} 93. Kf7 {[%emt 0:00:10]} Kc7 {[%emt 0:00:17]} 94. Qe6 {[%emt 0:00:11]} Kb7 {[%emt 0:00:10]} 95. Qd6 {[%emt 0:00:13]} e1=Q {[%emt 0:00:23]} 96. Bxe1 {[%emt 0:00:08]} Ka7 {[%emt 0:00:10]} 97. Ba5 {[%emt 0:00:17]} Ka8 {[%emt 0:00:15]} 98. Qd7 {[%emt 0:00:08]} Kb8 {[%emt 0:00:13]} 99. Bb6 {[%emt 0:00:15]} Ka8 {[%emt 0:00:08]} 100. Qc8# {[%emt 0:00:10]} 1-0

[Event "European School-ch 2019"]
[Site "Mamaia"]
[Date "2019.06.04"]
[Round "5.41"]
[White "Mgeladze, Kesaria"]
[Black "Ismayilova, Khanim"]
[Result "1/2-1/2"]
[WhiteElo "1322"]
[BlackElo "1225"]
[Annotator "NA RC"]
[PlyCount "63"]
[EventDate "2019.05.31"]
[EventType "swiss"]
[EventCountry "ROU"]
[SourceTitle "playchess.com"]
[Source "ChessBase"]
[SourceQuality "1"]
[TimeControl "40/5400+30:1800+30"]

1. e4 {[%emt 0:00:00]} c5 {[%emt 0:03:29]} 2. c3 {[%emt 0:00:00]} d5 {[%emt 0:00:06]} 3. exd5 {[%emt 0:00:00]} Qxd5 {[%emt 0:00:04]} 4. d4 {[%emt 0:00:00]} Nf6 {[%emt 0:00:09]} 5. Nf3 {[%emt 0:00:04]} Bg4 {[%emt 0:00:07]} 6. Be2 {[%emt 0:00:15]} e6 {[%emt 0:00:12]} 7. O-O {[%emt 0:00:13]} Nc6 {[%emt 0:00:04]} 8. Be3 {[%emt 0:01:28]} cxd4 {[%emt 0:00:15]} 9. cxd4 {[%emt 0:00:15]} Be7 {[%emt 0:00:27]} 10. Nc3 {[%emt 0:00:23]} Qd6 {[%emt 0:00:15]} 11. Qd2 {[%emt 0:04:45]} O-O {[%emt 0:07:28]} 12. h3 {[%emt 0:03:39]} Bh5 {[%emt 0:03:02]} 13. Rac1 {[%emt 0:04:30]} Rac8 {[%emt 0:06:20]} 14. Rfe1 {[%emt 0:09:04]} Rfd8 {[%emt 0:06:49]} 15. Red1 {[%emt 0:01:08]} Nd5 {[%emt 0:06:28]} 16. Nxd5 {[%emt 0:02:45]} Qxd5 {[%emt 0:01:29]} 17. a3 {[%emt 0:14:05]} Na5 {[%emt 0:10:23]} 18. Rxc8 {[%emt 0:20:30]} Rxc8 {[%emt 0:00:35]} 19. Rc1 {[%emt 0:00:21]} Rxc1+ {[%emt 0:03:03]} 20. Qxc1 {[%emt 0:00:12]} Qc6 {[%emt 0:00:02]} 21. Qe1 {[%emt 0:00:47]} Nc4 {[%emt 0:07:21]} 22. Bc1 {[%emt 0:08:29]} h6 {[%emt 0:08:21]} 23. b3 {[%emt 0:01:22]} Nxa3 {[%emt 0:04:32]} 24. Bxa3 {[%emt 0:00:37]} Bxa3 {[%emt 0:02:08]} 25. Ne5 {[%emt 0:06:47]} Qe4 {[%emt 0:00:16]} 26. g4 {[%emt 0:11:13]} Bg6 {[%emt 0:02:45]} 27. Nxg6 {[%emt 0:01:22]} fxg6 {[%emt 0:05:17]} 28. Qd1 {[%emt 0:02:10]} Bb2 {[%emt 0:00:53]} 29. d5 {[%emt 0:05:28]} exd5 {[%emt 0:01:47]} 30. Bf3 {[%emt 0:00:08]} Qe7 {[%emt 0:04:56]} 31. Bxd5+ {[%emt 0:01:04]} Kh7 {[%emt 0:00:22]} 32. Qc2 {[%emt 0:00:34]} 1/2-1/2

[Event "European School-ch 2019"]
[Site "Mamaia"]
[Date "2019.06.04"]
[Round "5.42"]
[White "Korolchuk, Vladyslava"]
[Black "Shatil, Or"]
[Result "1-0"]
[WhiteElo "1032"]
[BlackElo "1199"]
[Annotator "NA RC"]
[PlyCount "93"]
[EventDate "2019.05.31"]
[EventType "swiss"]
[EventCountry "ROU"]
[SourceTitle "playchess.com"]
[Source "ChessBase"]
[SourceQuality "1"]
[TimeControl "40/5400+30:1800+30"]

1. c4 {[%emt 0:00:00]} Nf6 {[%emt 0:00:00]} 2. Nc3 {[%emt 0:00:00]} d5 {[%emt 0:00:00]} 3. cxd5 {[%emt 0:00:23]} Nxd5 {[%emt 0:00:00]} 4. Nf3 {[%emt 0:00:18]} c5 {[%emt 0:00:04]} 5. d3 {[%emt 0:01:28]} Nc6 {[%emt 0:01:17]} 6. Bd2 {[%emt 0:01:01]} e5 {[%emt 0:02:26]} 7. g3 {[%emt 0:07:22]} Be7 {[%emt 0:02:30]} 8. Bg2 {[%emt 0:01:29]} Be6 {[%emt 0:09:29]} 9. O-O {[%emt 0:02:41]} O-O {[%emt 0:02:36]} 10. a3 {[%emt 0:02:02]} h6 {[%emt 0:17:08]} 11. Rc1 {[%emt 0:01:30]} Nb6 {[%emt 0:18:03]} 12. Qc2 {[%emt 0:04:37]} Nd4 {[%emt 0:06:56]} 13. Nxd4 {[%emt 0:02:01]} cxd4 {[%emt 0:00:26]} 14. Na4 {[%emt 0:02:54]} Rc8 {[%emt 0:00:48]} 15. Qd1 {[%emt 0:00:32]} Nd5 {[%emt 0:02:36]} 16. b4 {[%emt 0:01:42]} Rxc1 {[%emt 0:03:29]} 17. Qxc1 {[%emt 0:01:49]} Qd6 {[%emt 0:04:39]} 18. Nc5 {[%emt 0:04:23]} Rc8 {[%emt 0:03:32]} 19. Qb2 {[%emt 0:01:04]} Qb6 {[%emt 0:07:03]} 20. Nxe6 {[%emt 0:00:48]} Qxe6 {[%emt 0:00:53]} 21. Rc1 {[%emt 0:02:05]} Rxc1+ {[%emt 0:01:40]} 22. Qxc1 {[%emt 0:01:27]} b6 {[%emt 0:01:30]} 23. Be4 {[%emt 0:04:35]} Nf6 {[%emt 0:02:45]} 24. Bg2 {[%emt 0:00:54]} Kh7 {[%emt 0:05:01]} 25. Qc7 {[%emt 0:02:17]} Qa2 {[%emt 0:04:15]} 26. Qxe7 {[%emt 0:01:22]} Qxd2 {[%emt 0:00:08]} 27. Bf1 {[%emt 0:00:33]} Qa2 {[%emt 0:01:55]} 28. Qxa7 {[%emt 0:00:33]} Qe6 {[%emt 0:00:22]} 29. a4 {[%emt 0:00:50]} Nd5 {[%emt 0:00:26]} 30. a5 {[%emt 0:02:00]} bxa5 {[%emt 0:01:04]} 31. bxa5 {[%emt 0:00:19]} Qe7 {[%emt 0:00:30]} 32. Qa8 {[%emt 0:01:07]} Nc7 {[%emt 0:00:44]} 33. Qb7 {[%emt 0:00:18]} Qd6 {[%emt 0:00:31]} 34. a6 {[%emt 0:01:18]} Nxa6 {[%emt 0:00:13]} 35. Qxf7 {[%emt 0:00:26]} Qf6 {[%emt 0:00:11]} 36. Qb7 {[%emt 0:01:01]} Qg6 {[%emt 0:00:30]} 37. Bg2 {[%emt 0:00:34]} Kg8 {[%emt 0:01:09]} 38. Bd5+ {[%emt 0:01:03]} Kf8 {[%emt 0:00:09]} 39. Qc8+ {[%emt 0:00:31]} Ke7 {[%emt 0:00:12]} 40. Qb7+ {[%emt 0:00:00]} Kf8 {[%emt 0:00:00]} 41. Bc6 {[%emt 0:02:17]} Nc5 {[%emt 0:00:42]} 42. Qc8+ {[%emt 0:01:23]} Ke7 {[%emt 0:02:23]} 43. Qa8 {[%emt 0:04:33]} h5 {[%emt 0:05:09]} 44. Qa7+ {[%emt 0:00:15]} Kd6 {[%emt 0:00:25]} 45. Bg2 {[%emt 0:00:37]} Nd7 {[%emt 0:01:30]} 46. Qa6+ {[%emt 0:00:18]} Ke7 {[%emt 0:02:45]} 47. Qxg6 1-0

[Event "European School-ch 2019"]
[Site "Mamaia"]
[Date "2019.06.04"]
[Round "5.43"]
[White "State-Ungureanu, Elena-Anastasia"]
[Black "Voronaya, Eva"]
[Result "1-0"]
[WhiteElo "1057"]
[BlackElo "1005"]
[Annotator "NA RC"]
[PlyCount "163"]
[EventDate "2019.05.31"]
[EventType "swiss"]
[EventCountry "ROU"]
[SourceTitle "playchess.com"]
[Source "ChessBase"]
[SourceQuality "1"]
[TimeControl "40/5400+30:1800+30"]

1. e4 {[%emt 0:00:00]} e6 {[%emt 0:00:00]} 2. d4 {[%emt 0:00:00]} d5 {[%emt 0:00:00]} 3. Nc3 {[%emt 0:00:00]} Nf6 {[%emt 0:00:00]} 4. e5 {[%emt 0:00:00]} Nfd7 {[%emt 0:00:03]} 5. Nf3 {[%emt 0:00:46]} c5 {[%emt 0:00:14]} 6. Bf4 {[%emt 0:05:43]} Nc6 {[%emt 0:01:44]} 7. Bb5 {[%emt 0:18:46]} Qb6 {[%emt 0:01:17]} 8. Bxc6 {[%emt 0:00:12]} bxc6 {[%emt 0:00:16]} 9. Rb1 {[%emt 0:02:41]} cxd4 {[%emt 0:02:13]} 10. Qxd4 {[%emt 0:01:18]} Qxd4 {[%emt 0:01:08]} 11. Nxd4 {[%emt 0:00:07]} Bb7 {[%emt 0:02:25]} 12. O-O {[%emt 0:01:59]} Bc5 {[%emt 0:04:47]} 13. Nf3 {[%emt 0:00:18]} O-O {[%emt 0:02:51]} 14. Rfd1 {[%emt 0:03:34]} Ba6 {[%emt 0:06:38]} 15. Nd4 {[%emt 0:01:34]} Rfc8 {[%emt 0:03:53]} 16. Nb3 {[%emt 0:00:19]} Bb6 {[%emt 0:02:00]} 17. Ne4 {[%emt 0:10:39]} Nxe5 {[%emt 0:05:49]} 18. Nd6 {[%emt 0:00:28]} Ng4 {[%emt 0:07:06]} 19. Nxc8 {[%emt 0:11:03]} Bxf2+ {[%emt 0:00:40]} 20. Kh1 {[%emt 0:00:07]} Rxc8 {[%emt 0:00:12]} 21. h3 {[%emt 0:00:54]} Nf6 {[%emt 0:00:33]} 22. Bh2 {[%emt 0:09:26]} Ne4 {[%emt 0:02:36]} 23. Nd2 {[%emt 0:02:08]} Ng3+ {[%emt 0:23:06]} 24. Bxg3 {[%emt 0:00:10]} Bxg3 {[%emt 0:00:07]} 25. Nb3 {[%emt 0:00:50]} Bd6 {[%emt 0:00:25]} 26. Rd4 {[%emt 0:00:20]} c5 {[%emt 0:03:59]} 27. Ra4 {[%emt 0:00:39]} Rc6 {[%emt 0:01:12]} 28. Re1 {[%emt 0:03:55]} c4 {[%emt 0:01:20]} 29. Nd4 {[%emt 0:00:15]} Rb6 {[%emt 0:01:19]} 30. b3 {[%emt 0:04:46]} cxb3 {[%emt 0:03:03]} 31. axb3 {[%emt 0:00:07]} Bc5 {[%emt 0:00:40]} 32. Nf3 {[%emt 0:00:31]} f6 {[%emt 0:07:26]} 33. Rea1 {[%emt 0:01:23]} Bb7 {[%emt 0:06:23]} 34. Rxa7 {[%emt 0:00:22]} Rb5 {[%emt 0:00:54]} 35. R7a5 {[%emt 0:00:12]} Rxa5 {[%emt 0:01:35]} 36. Rxa5 {[%emt 0:00:06]} Be3 {[%emt 0:00:43]} 37. Rb5 {[%emt 0:01:13]} Bc6 {[%emt 0:00:40]} 38. Rb8+ {[%emt 0:00:20]} Kf7 {[%emt 0:00:10]} 39. b4 {[%emt 0:00:07]} Ba4 {[%emt 0:01:09]} 40. c3 {[%emt 0:00:00]} Ke7 {[%emt 0:00:00]} 41. Rb7+ {[%emt 0:00:45]} Bd7 {[%emt 0:00:57]} 42. g4 {[%emt 0:03:48]} Kd6 {[%emt 0:00:47]} 43. Rb8 {[%emt 0:00:40]} Kc7 {[%emt 0:00:28]} 44. Ra8 {[%emt 0:00:07]} Bc6 {[%emt 0:00:28]} 45. Ra2 {[%emt 0:05:38]} d4 {[%emt 0:00:30]} 46. Kg2 {[%emt 0:00:30]} e5 {[%emt 0:01:11]} 47. cxd4 {[%emt 0:01:10]} Bxd4 {[%emt 0:00:06]} 48. Kg3 {[%emt 0:00:10]} Bxf3 {[%emt 0:00:44]} 49. Kxf3 {[%emt 0:00:06]} Kb6 {[%emt 0:00:18]} 50. Ra8 {[%emt 0:00:34]} Kb5 {[%emt 0:01:03]} 51. Rg8 {[%emt 0:00:22]} g5 {[%emt 0:00:41]} 52. Rh8 {[%emt 0:00:10]} Kxb4 {[%emt 0:00:13]} 53. Rxh7 {[%emt 0:00:13]} Kc5 {[%emt 0:01:00]} 54. Ke4 {[%emt 0:00:05]} Kd6 {[%emt 0:00:31]} 55. Kf5 {[%emt 0:02:03]} e4 {[%emt 0:00:24]} 56. Kxe4 {[%emt 0:00:17]} Be5 {[%emt 0:00:49]} 57. Kf5 {[%emt 0:00:11]} Kd5 {[%emt 0:05:29]} 58. Rf7 {[%emt 0:00:13]} Kd4 {[%emt 0:00:53]} 59. Rxf6 {[%emt 0:00:12]} Bf4 {[%emt 0:00:18]} 60. Rg6 {[%emt 0:00:21]} Kd5 {[%emt 0:00:40]} 61. Rxg5 {[%emt 0:00:29]} Bxg5 {[%emt 0:00:17]} 62. Kxg5 {[%emt 0:00:05]} Ke5 {[%emt 0:00:05]} 63. h4 {[%emt 0:00:05]} Ke6 {[%emt 0:00:04]} 64. Kg6 {[%emt 0:00:12]} Ke7 {[%emt 0:00:09]} 65. Kg7 {[%emt 0:00:06]} Ke8 {[%emt 0:00:20]} 66. h5 {[%emt 0:00:09]} Ke7 {[%emt 0:00:27]} 67. h6 {[%emt 0:00:04]} Ke8 {[%emt 0:00:05]} 68. h7 {[%emt 0:00:04]} Ke7 {[%emt 0:00:03]} 69. h8=Q {[%emt 0:00:08]} Ke6 {[%emt 0:00:06]} 70. Qh5 {[%emt 0:00:14]} Kd6 {[%emt 0:00:12]} 71. Qf5 {[%emt 0:00:12]} Ke7 {[%emt 0:00:05]} 72. Qg6 {[%emt 0:00:24]} Kd7 {[%emt 0:00:04]} 73. Qf6 {[%emt 0:00:18]} Kc7 {[%emt 0:00:12]} 74. Qe6 {[%emt 0:00:06]} Kb7 {[%emt 0:00:05]} 75. Qd6 {[%emt 0:00:06]} Ka7 {[%emt 0:00:05]} 76. Qb4 {[%emt 0:00:07]} Ka6 {[%emt 0:00:07]} 77. Kf6 {[%emt 0:00:12]} Ka7 {[%emt 0:00:05]} 78. Qb5 {[%emt 0:00:09]} Ka8 {[%emt 0:00:06]} 79. Ke6 {[%emt 0:00:06]} Ka7 {[%emt 0:00:05]} 80. Kd6 {[%emt 0:00:06]} Ka8 {[%emt 0:00:05]} 81. Kc7 {[%emt 0:00:06]} Ka7 {[%emt 0:00:04]} 82. Qb7# {[%emt 0:00:06]} 1-0

[Event "European School-ch 2019"]
[Site "Mamaia"]
[Date "2019.06.04"]
[Round "5.44"]
[White "Zarkua, Anastasia"]
[Black "Mirioglu, Eylul"]
[Result "1-0"]
[WhiteElo "1108"]
[BlackElo "1048"]
[Annotator "NA RC"]
[PlyCount "147"]
[EventDate "2019.05.31"]
[EventType "swiss"]
[EventCountry "ROU"]
[SourceTitle "playchess.com"]
[Source "ChessBase"]
[SourceQuality "1"]
[TimeControl "40/5400+30:1800+30"]

1. Nf3 {[%emt 0:00:00]} d5 {[%emt 0:00:00]} 2. c4 {[%emt 0:00:00]} d4 {[%emt 0:00:00]} 3. e3 {[%emt 0:00:00]} dxe3 {[%emt 0:01:48]} 4. fxe3 {[%emt 0:00:06]} Nc6 {[%emt 0:00:50]} 5. d4 {[%emt 0:00:41]} e6 {[%emt 0:02:01]} 6. Nc3 {[%emt 0:01:47]} Nf6 {[%emt 0:01:52]} 7. Be2 {[%emt 0:01:57]} b6 {[%emt 0:03:22]} 8. e4 {[%emt 0:01:51]} Bb4 {[%emt 0:02:50]} 9. Qa4 {[%emt 0:02:45]} Qd7 {[%emt 0:03:09]} 10. d5 {[%emt 0:01:58]} Bxc3+ {[%emt 0:05:38]} 11. bxc3 {[%emt 0:00:23]} Nb8 {[%emt 0:01:19]} 12. Qxd7+ {[%emt 0:01:07]} Nbxd7 {[%emt 0:00:17]} 13. Bd3 {[%emt 0:01:16]} Nc5 {[%emt 0:00:42]} 14. Bc2 {[%emt 0:00:52]} Ncxe4 {[%emt 0:00:46]} 15. Bb2 {[%emt 0:00:28]} exd5 {[%emt 0:01:12]} 16. cxd5 {[%emt 0:00:12]} Bb7 {[%emt 0:00:23]} 17. c4 {[%emt 0:00:18]} Nd6 {[%emt 0:01:56]} 18. Bb3 {[%emt 0:01:02]} a5 {[%emt 0:02:53]} 19. a4 {[%emt 0:01:11]} c6 {[%emt 0:02:13]} 20. dxc6 {[%emt 0:01:48]} Bxc6 {[%emt 0:00:35]} 21. O-O {[%emt 0:00:46]} Bxf3 {[%emt 0:02:56]} 22. Rxf3 {[%emt 0:00:16]} Nde4 {[%emt 0:03:06]} 23. Re1 {[%emt 0:00:54]} O-O {[%emt 0:01:11]} 24. Bc2 {[%emt 0:01:19]} Rfe8 {[%emt 0:01:35]} 25. Bd4 {[%emt 0:02:07]} Nd2 {[%emt 0:03:44]} 26. Rxe8+ {[%emt 0:02:35]} Rxe8 {[%emt 0:00:29]} 27. Bxf6 {[%emt 0:01:40]} Nxf3+ {[%emt 0:00:17]} 28. gxf3 {[%emt 0:00:24]} gxf6 {[%emt 0:00:05]} 29. Be4 {[%emt 0:00:24]} Rc8 {[%emt 0:00:22]} 30. Bd5 {[%emt 0:00:11]} Kg7 {[%emt 0:00:21]} 31. Kf2 {[%emt 0:00:08]} Re8 {[%emt 0:01:51]} 32. Be4 {[%emt 0:00:08]} h5 {[%emt 0:00:42]} 33. h4 {[%emt 0:00:29]} Re5 {[%emt 0:00:35]} 34. Kg3 {[%emt 0:00:26]} f5 {[%emt 0:00:27]} 35. Bd5 {[%emt 0:00:25]} Re1 {[%emt 0:00:47]} 36. Kf4 {[%emt 0:00:19]} Kg6 {[%emt 0:00:35]} 37. Kg3 {[%emt 0:00:28]} Rg1+ {[%emt 0:01:20]} 38. Kf4 {[%emt 0:00:10]} Rh1 {[%emt 0:01:30]} 39. Kg3 {[%emt 0:01:09]} f4+ {[%emt 0:01:19]} 40. Kxf4 {[%emt 0:00:00]} Rxh4+ {[%emt 0:00:00]} 41. Kg3 {[%emt 0:00:53]} Rd4 {[%emt 0:00:33]} 42. Kh3 {[%emt 0:00:19]} f5 {[%emt 0:01:05]} 43. Kg3 {[%emt 0:00:13]} Kg5 {[%emt 0:00:23]} 44. Kh3 {[%emt 0:00:30]} Rd1 {[%emt 0:02:27]} 45. Kg2 {[%emt 0:00:31]} h4 {[%emt 0:01:56]} 46. Kh3 {[%emt 0:00:25]} Kf4 {[%emt 0:01:07]} 47. Kg2 {[%emt 0:00:24]} Kg5 {[%emt 0:02:22]} 48. Kh3 {[%emt 0:00:12]} Rh1+ {[%emt 0:00:58]} 49. Kg2 {[%emt 0:00:09]} Rd1 {[%emt 0:00:18]} 50. Kh3 {[%emt 0:00:08]} f4 {[%emt 0:01:40]} 51. Kg2 {[%emt 0:00:23]} Rd2+ {[%emt 0:01:11]} 52. Kh3 {[%emt 0:00:19]} Kf5 {[%emt 0:00:15]} 53. Bc6 {[%emt 0:00:30]} Rd6 {[%emt 0:02:48]} 54. Be4+ {[%emt 0:00:45]} Kg5 {[%emt 0:00:15]} 55. Bd5 {[%emt 0:00:15]} Kf5 {[%emt 0:01:33]} 56. Be4+ {[%emt 0:00:08]} Kg5 {[%emt 0:00:14]} 57. Bd5 {[%emt 0:00:07]} b5 {[%emt 0:03:58]} 58. axb5 {[%emt 0:00:15]} a4 {[%emt 0:00:26]} 59. Bf7 {[%emt 0:00:27]} a3 {[%emt 0:01:43]} 60. c5 {[%emt 0:02:23]} Rd3 {[%emt 0:01:57]} 61. b6 {[%emt 0:01:25]} Rxf3+ {[%emt 0:00:58]} 62. Kg2 {[%emt 0:00:09]} Rg3+ {[%emt 0:00:09]} 63. Kf2 {[%emt 0:00:14]} h3 {[%emt 0:01:13]} 64. b7 {[%emt 0:00:13]} h2 {[%emt 0:00:31]} 65. b8=Q {[%emt 0:00:08]} h1=Q {[%emt 0:00:16]} 66. Qe5+ {[%emt 0:00:18]} Kg4 {[%emt 0:00:56]} 67. Be6+ {[%emt 0:00:08]} Kh4 {[%emt 0:00:20]} 68. Qh8+ {[%emt 0:00:17]} Kg5 {[%emt 0:00:11]} 69. Qxh1 {[%emt 0:00:06]} Rc3 {[%emt 0:00:28]} 70. Qd5+ {[%emt 0:00:57]} Kh4 {[%emt 0:00:18]} 71. Qd4 {[%emt 0:00:36]} Rc2+ {[%emt 0:00:07]} 72. Kf3 {[%emt 0:00:05]} a2 {[%emt 0:00:16]} 73. Qxf4+ {[%emt 0:00:20]} Kh5 {[%emt 0:00:10]} 74. Bf7# {[%emt 0:00:48]} 1-0